Les départements français avec le plus de circonscriptions (législatives) - Statistiques

Statistiques générales
  • Ce quiz a été pris 186 fois
  • Le résultat moyen est 15 sur 17
Statistiques - réponses
Nombre de circonscriptions Département % Correct
21 Nord
99%
18 Paris
98%
16 Bouches-du-Rhône
97%
14 Rhône
95%
12 Gironde
93%
12 Seine-Saint-Denis
91%
12 Yvelines
91%
12 Pas-de-Calais
90%
10 Val-d'Oise
89%
11 Val-de-Marne
87%
10 Essonne
86%
13 Hauts-de-Seine
85%
11 Seine-et-Marne
84%
10 Haute-Garonne
81%
10 Loire-Atlantique
80%
10 Seine-Maritime
65%
10 Isère
63%
Aucun quiz correspondant
Distribution des résultats
% des personnes avec chaque résultat
Percentile par nombre de réponses
Votre historique - résultats
Vous n’avez pas pris ce quiz